| 000 | 00514nam a2200145 a 4500 | ||
|---|---|---|---|
| 001 | 000004472 | ||
| 005 | 20200929151439.0 | ||
| 008 | 090723s1952 dr 000 0 spa d | ||
| 040 |
_aDO-SdBNP _bspa _cBNPHU |
||
| 082 |
_axxxx _bM524g |
||
| 100 | 1 |
_aMella, Salvador A. _913087 |
|
| 245 | 1 | 0 |
_aGénesis, evolución y fututro de la estadística en la República Dominicana / _cSalvador A. Mella. |
| 260 |
_aCiudad Trujillo, República Dominicana : _bDirección General de Estadísticas, _c1952. |
||
| 300 |
_a39 p. ; _c20 cm. |
||
| 999 |
_c4281 _d4281 |
||